Children's illustrated dictionary. (Record no. 112235)
[ view plain ]
| 000 -LEADER | |
|---|---|
| fixed length control field | 00447nam a2200145 a 4500 |
| 005 - DATE AND TIME OF LATEST TRANSACTION | |
| control field | 20140414131931.0 |
| 008 - FIXED-LENGTH DATA ELEMENTS--GENERAL INFORMATION | |
| fixed length control field | 101207s19uu xx 00 eng d |
| 050 ## - LIBRARY OF CONGRESS CALL NUMBER | |
| Classification number | REF 423 |
| Item number | C43 1999 |
| 245 ## - TITLE STATEMENT | |
| Title | Children's illustrated dictionary. |
| 260 ## - PUBLICATION, DISTRIBUTION, ETC. (IMPRINT) | |
| Name of publisher, distributor, etc | Parragon, |
| Date of publication, distribution, etc | 1999. |
| 520 ## - SUMMARY, ETC. | |
| Summary, etc | Provides more than 8,000 entries, 20,000 definitions, and 1,000 images. |
| 650 ## - SUBJECT ADDED ENTRY--TOPICAL TERM | |
| Topical term or geographic name as entry element | English language |
| General subdivision | Dictionaries, Juvenile. |
| Withdrawn status | Lost status | Damaged status | Home library | Current library | Shelving location | Date acquired | Total Checkouts | Full call number | Barcode | Date last seen | Price effective from | Koha item type |
|---|---|---|---|---|---|---|---|---|---|---|---|---|
| Munich Library | Munich Library | Reference Section | 12/07/2010 | REF 423 C43 1999 | M3449 | 04/14/2014 | 04/14/2014 | Books | ||||
| Munich Library | Munich Library | Reference Section | 01/08/2011 | REF 423 C43 1999 | M3555 | 04/14/2014 | 04/14/2014 | Books |